000 00434nam a22001571a 4500
082 _aH 891.430 92
_bRAJ/R
100 _aRajeswari Shandilya
245 _aRahul shankrityayan:
_bvyaktitva evam krititva
_cby Rajeswari Shandilya
260 _aKanpur:
_bAlka,
_c1995.
300 _a314p.
650 _aAutobiography Rahul Samskrithyayen
650 _aAutobiography
650 _aLiterature Hindi
650 _aLiterature
942 _cBK
999 _c37039
_d37039